000 01405cam a2200337 a 4500
001 ramtha00wein
003 CaSfIA
005 20210118213625.0
007 cr||||
008 850605s1986 wau 000 0 eng
010 _a 85061768
040 _aDLC
_cDLC
_dBAKER
_dFN2
_dCaSfIA
019 _a13718202
020 _a0932201113 :
_c$19.95
020 _a9780932201119
035 _a(OCoLC)13903143
_z(OCoLC)13718202
050 0 0 _aBF1301
_b.R237 1986
082 0 _a133.9/3
_219
245 0 0 _aRamtha /
_h[electronic resource]
_cedited by Steven Lee Weinberg with Randall Weischedel, Sue Ann Fazio, and Carol Wright.
260 _aEastsound, Wash. :
_bSovereignty, Inc.,
_cc1986.
300 _a217 p. ;
_c25 cm.
650 0 _aSpirit writings.
700 1 _aWeinberg, Steven Lee.
856 4 1 _uhttp://www.archive.org/details/ramtha00wein
_zFree eBook from the Internet Archive
856 4 2 _uhttp://www.openlibrary.org/books/OL2555520M
_zAdditional information and access via Open Library
029 1 _aNZ1
_b3262025
029 1 _aAU@
_b000004677400
942 _cEB
506 _fНеобхідна авторизація на https://archive.org/ (створення облікового запису безкоштовно)
506 _fНеобхідна авторизація на https://openlibrary.org/ (створення облікового запису безкоштовно)
999 _c541338
_d541338